[Event "Hannover-chA"]
[Site "Lehrte"]
[Date "2008.10.11"]
[Round "2"]
[White "Buchholz, Bernd1111"]
[Black "Schrader, Dieter"]
[Result "0-1"]
[WhiteElo "866"]
[BlackElo "1275"]
[PlyCount "64"]
[EventDate "2008.10.11"]
[EventType "swiss"]
[EventRounds "7"]
[EventCountry "GER"]
[SourceTitle "EXT 2021"]
[Source "ChessBase"]
[SourceDate "2020.10.23"]
[SourceVersion "1"]
[SourceVersionDate "2020.10.23"]
[SourceQuality "1"]

1. e4 e5 2. Nf3 d6 3. Nc3 Bg4 4. Bc4 Nf6 5. h3 Bxf3 6. gxf3 Nc6 7. d3 h6 8. f4 a6 9. fxe5 dxe5 10. Be3 Nd4 11. f4 Bd6 12. Rf1 Qd7 13. f5 0-0-0 14. Qd2 h5 15. 0-0-0 Rdf8 16. Qg2 Ne8 17. h4 f6 18. Ne2 Nxe2+ 19. Qxe2 Qe7 20. Qg2 Bc5 21. Bxc5 Qxc5 22. Qf2 Qxf2 23. Rxf2 b5 24. Bd5 Kd7 25. Bb7 a5 26. c3 c6 27. Ba6 Nc7 28. b4 axb4 29. Bxb5 Nxb5 30. cxb4 Ra8 31. Rc2 Nd4 32. Rc5 Rxa2 0-1

[Event "Hannover-chA"]
[Site "Bueckeburg"]
[Date "2007.11.02"]
[Round "4"]
[White "Lieberum, Bodo"]
[Black "Schrader, Dieter"]
[Result "1/2-1/2"]
[WhiteElo "1416"]
[BlackElo "1330"]
[PlyCount "48"]
[EventDate "2007.11.01"]
[EventType "swiss"]
[EventRounds "7"]
[EventCountry "GER"]
[SourceTitle "EXT 2021"]
[Source "ChessBase"]
[SourceDate "2020.10.23"]
[SourceVersion "1"]
[SourceVersionDate "2020.10.23"]
[SourceQuality "1"]

1. e4 e5 2. Nc3 Nf6 3. Qf3 d6 4. h3 Be6 5. b3 g6 6. d3 Bg7 7. Bg5 0-0 8. Nge2 Nbd7 9. Ng3 c6 10. Be2 Qa5 11. Kd2 b5 12. Qe3 Qb6 13. Qxb6 Nxb6 14. Bxf6 Bxf6 15. h4 d5 16. h5 dxe4 17. Ngxe4 Be7 18. g4 f5 19. gxf5 Bxf5 20. Rag1 Nd5 21. hxg6 hxg6 22. Bg4 Kg7 23. Bxf5 Rxf5 24. Rg2 Nf4 1/2-1/2

[Event "Hannover-chA"]
[Site "Bueckeburg"]
[Date "2007.11.01"]
[Round "2"]
[White "Lueer, Rainer"]
[Black "Schrader, Dieter"]
[Result "0-1"]
[WhiteElo "1387"]
[BlackElo "1330"]
[PlyCount "94"]
[EventDate "2007.11.01"]
[EventType "swiss"]
[EventRounds "7"]
[EventCountry "GER"]
[SourceTitle "EXT 2021"]
[Source "ChessBase"]
[SourceDate "2020.10.23"]
[SourceVersion "1"]
[SourceVersionDate "2020.10.23"]
[SourceQuality "1"]

1. d4 d5 2. Bf4 e6 3. Nf3 Bd6 4. Bxd6 Qxd6 5. e3 Nf6 6. c3 0-0 7. Bd3 Nc6 8. Nbd2 e5 9. dxe5 Nxe5 10. Nxe5 Qxe5 11. Nf3 Qh5 12. h3 c6 13. Be2 Ne4 14. Nd4 Qg6 15. g4 Qf6 16. Nf3 Be6 17. Qd4 Qxd4 18. Nxd4 a6 19. 0-0 c5 20. Nf3 h6 21. Kg2 c4 22. Rad1 Rad8 23. Nd4 Bc8 24. f3 Nd6 25. b3 cxb3 26. axb3 f5 27. Kg3 fxg4 28. hxg4 Rfe8 29. Nc2 Nf7 30. Kf2 b5 31. Rd4 Re6 32. e4 dxe4 33. Rxd8+ Nxd8 34. Rd1 Nf7 35. Nd4 e3+ 36. Kg3 Re8 37. f4 Nd6 38. Kf3 Ne4 39. Rd3 Bb7 40. Kxe3 Nxc3+ 41. Kd2 Ne4+ 42. Ke1 Nf6 43. Kf1 Bc8 44. f5 Nd5 45. Kf2 Nf4 46. Re3 Rxe3 47. Kxe3 Nd5+ 0-1